000
00290 a2200133 4500
001
154326
040
_c
Escola São Tomás de Aquino
100
_a
PESTILLI, Ellen
240
1
0
_a
Alma de rio
_l
por
245
1
0
_a
Alma de rio
362
0
_a
2008
697
_a
*LITERATURA INFANTO
942
_c
BK
999
_c
154326
_d
154326